| 000 | 01341cam a22003617a 4500 | ||
|---|---|---|---|
| 003 | CHAP | ||
| 005 | 20220329134945.0 | ||
| 008 | 980325d1974 r 00010 d | ||
| 010 | _a28659 | ||
| 011 | _a29631 | ||
| 035 | _a33742 | ||
| 040 | _cCHAP | ||
| 090 | _aTesis | ||
| 100 | 0 | 0 |
_aFeuchter de la Fuente, C. Eduardo. _940673 |
| 245 | 1 | 0 |
_aInspección y certificación de semilla de trigo en la Costa de Hermosillo, Sonora : _bsiembra cultivo, cosecha, y tratamiento de criba _c/por C. Eduardo Feuchter de la Fuente |
| 260 |
_aCd. Juárez, Chih. : _bEl autor, _c1974. |
||
| 300 |
_a42 h. : _bilus. |
||
| 502 | _aTesis (Ing. Agr.) -- Escuela Superior de Agricultura Hermanos Escobar | ||
| 590 |
_aALEPH _b10 _c20130110 _lUCH01 _h1250 |
||
| 590 |
_aBATCH-UPD _b10 _c20130110 _lUCH01 _h0257 |
||
| 590 |
_aBATCH-UPD _b10 _c20130110 _lUCH01 _h1834 |
||
| 590 |
_aBATCH-UPD _b10 _c20130410 _lUCH01 _h1555 |
||
| 590 |
_aBATCH-UPD _b10 _c20130914 _lUCH01 _h1405 |
||
| 590 |
_aCONVERSION _b10 _c20130109 _lUCH01 _h1316 |
||
| 650 | 1 | 4 |
_aTrigo _xSemilla. _9115097 |
| 650 | 1 | 4 |
_aTrigo _xSemilla _xCertificación. _9115098 |
| 650 | 1 | 4 |
_aTrigo _xSonora. _9115104 |
| 901 | _aBK | ||
| 905 | _aLilia Sánchez G. | ||
| 942 | _cLIBRO | ||
| 949 |
_a636.082 L38 _bBC _cLIBRO _dD_E6CC _eLIBRO _h24231 _i33742 _si _t112.00 |
||
| 949 |
_bBC _cTES _d337421 _eTS1 _h19340 _i33742 _sb |
||
| 999 |
_c28659 _d28659 |
||